Σύμμεικτα ποικίλα : πολιτικά - ιστορικά - λογοτεχνικά - φιλολογικά, 1978-1979
Αποθηκεύτηκε σε:
| Κύριος συγγραφέας: | |
|---|---|
| Μορφή: | Βιβλίο |
| Γλώσσα: | Greek |
| Δημοσίευση: |
Εν Αθήναις] :
[χ.ό.],
1979
|
| Θέματα: | |
| Ετικέτες: |
Προσθήκη ετικέτας
Δεν υπάρχουν, Καταχωρήστε ετικέτα πρώτοι!
|
MARC
| LEADER | 00000cam a2200000 i 4500 | ||
|---|---|---|---|
| 001 | 1/94201 | ||
| 008 | 080919s1979 gre d | ||
| 035 | |l 10100290 | ||
| 040 | |a GR-MY-UA |b gre |e aacr | ||
| 041 | 0 | |a gre | |
| 082 | 0 | |a 889.02 |2 (22) | |
| 100 | 1 | |a Τουρλίδης, Γεώργιος Αθ., |d 1945-2004. | |
| 245 | 1 | 0 | |a Σύμμεικτα ποικίλα : |b πολιτικά - ιστορικά - λογοτεχνικά - φιλολογικά, 1978-1979 / |c Γεωργίου Αθ. Τουρλίδου |
| 260 | |a Εν Αθήναις] : |b [χ.ό.], |c 1979 | ||
| 300 | |a 15 σ.; |c 24 εκ. | ||
| 500 | |a Η καταλογογράφηση έγινε με βάση το εξώφυλλο | ||
| 650 | 0 | 0 | |a Greek literature, Modern. |
| 650 | 0 | 0 | |a Philology. |
| 651 | 0 | |a Thrace (Greece) |x History. | |
| 852 | |a INST |b RHODES |c AKA |e 20080919 |h 889.02 ΤΟΥ |p 005400028297 |q 005400028297 |t BK |y 0 | ||
| 901 | |a BIBL4-2008-3 | ||
| 909 | |a Ρ |b 153033 | ||
| 970 | |a ΧΑΡΙΟΠΟΛΙΤΟΥ |b ΚΩΝΣΤΑΝΤΙΝΑ |z 2008/09/19 | ||